[Event "Swiss Queens Wed #14"]
[Site "FIDE Online Arena INT"]
[Date "2024.05.01"]
[Round "10"]
[White "Narva, Triin"]
[Black "Pinto, Niyola"]
[Result "1-0"]
[WhiteElo "2079"]
[BlackElo "1404"]
[PlyCount "107"]
[EventDate "2024.05.01"]
[EventType "swiss (blitz)"]
[EventRounds "11"]
[EventCountry "NET"]
[SourceTitle "CB19_2024"]
[SourceDate "2024.05.08"]
[SourceVersion "1"]
[SourceVersionDate "2024.05.08"]
[SourceQuality "1"]

1. e4 c5 2. Nf3 Nc6 3. Bb5 d6 4. 0-0 Nf6 5. Re1 e6 6. c3 Be7 7. d4 0-0 8. d5 exd5 9. exd5 Nb8 10. c4 a6 11. Ba4 Bg4 12. h3 Bh5 13. Nc3 Nbd7 14. Bf4 Qc7 15. Rxe7 Rae8 16. Rxe8 Rxe8 17. Bc2 Ne5 18. Bxe5 dxe5 19. g4 Bg6 20. Bxg6 hxg6 21. Qd2 e4 22. d6 Qd7 23. Ng5 e3 24. fxe3 Nxg4 25. hxg4 Qxg4+ 26. Qg2 Qxc4 27. e4 Qd4+ 28. Kh1 Qxd6 29. Qh2 Qf6 30. Rg1 b5 31. Qh7+ Kf8 32. Qh8+ Ke7 33. Nd5+ Kd7 34. Qxe8+ Kxe8 35. Nxf6+ gxf6 36. Nf3 a5 37. Rc1 c4 38. Nd4 b4 39. Rxc4 Ke7 40. Nc6+ Ke6 41. Nxa5 Ke5 42. Rxb4 Kf4 43. Nc6 Kf3 44. a4 Kf4 45. e5+ Kf3 46. exf6 Ke3 47. a5 Kf3 48. a6 Ke3 49. a7 Kf3 50. a8Q Ke3 51. Qe8+ Kf3 52. Rb3+ Kf2 53. Qe3+ Kf1 54. Nd4 1-0

[Event "Swiss Queens Wed #13"]
[Site "FIDE Online Arena INT"]
[Date "2024.04.24"]
[Round "8"]
[White "Srivastava, Deepanjali"]
[Black "Pinto, Niyola"]
[Result "1/2-1/2"]
[WhiteElo "1521"]
[BlackElo "1404"]
[PlyCount "110"]
[EventDate "2024.04.24"]
[EventType "swiss (blitz)"]
[EventRounds "11"]
[EventCountry "NET"]
[SourceTitle "CB18_2024"]
[SourceDate "2024.05.01"]
[SourceVersion "1"]
[SourceVersionDate "2024.05.01"]
[SourceQuality "2"]

1. c4 e6 2. Nc3 d5 3. cxd5 exd5 4. d4 c6 5. Nf3 Bd6 6. e3 f5 7. Bd3 Nf6 8. Bf1 0-0 9. Bd3 Ne4 10. 0-0 Nd7 11. Qc2 Rf6 12. b3 Rh6 13. Bb2 Bxh2+ 14. Nxh2 Qh4 15. Rfd1 Qxh2+ 16. Kf1 Qh1+ 17. Ke2 Qxg2 18. Bxe4 fxe4 19. Rg1 Qf3+ 20. Kd2 Rh2 21. Nd1 Nf6 22. Ke1 Rh1 23. Rxh1 Qxh1+ 24. Kd2 Bg4 25. Nc3 Qf3 26. Rf1 Bh3 27. Re1 Qxf2+ 28. Re2 Qf3 29. Nd1 Rf8 30. Rf2 Qg4 31. Kc3 b5 32. Rf4 Qg2 33. Qxg2 Bxg2 34. Nf2 Bf3 35. Rf5 Ng4 36. Rxf8+ Kxf8 37. Nxg4 Bxg4 38. Kb4 h5 39. Bc3 h4 40. Be1 h3 41. Bg3 Bd7 42. Kc5 g5 43. Kd6 Ke8 44. Ke5 g4 45. Kf4 a5 46. a3 b4 47. axb4 axb4 48. Kg5 Ke7 49. Kh4 Kf7 50. Kg5 Kg7 51. Kf4 Kf6 52. Bh4+ Kg6 53. Bg3 Kf6 54. Bh4+ Ke6 55. Bg3 Kf6 1/2-1/2

[Event "Swiss Queens Wed #9"]
[Site "FIDE Online Arena INT"]
[Date "2024.03.27"]
[Round "9"]
[White "Pinto, Niyola"]
[Black "Milner, Romi"]
[Result "1-0"]
[WhiteElo "1409"]
[BlackElo "1830"]
[PlyCount "37"]
[EventDate "2024.03.27"]
[EventType "swiss (blitz)"]
[EventRounds "11"]
[EventCountry "NET"]
[SourceTitle "CB14_2024"]
[SourceDate "2024.04.01"]
[SourceVersion "1"]
[SourceVersionDate "2024.04.01"]
[SourceQuality "1"]

1. d4 d5 2. e3 Nf6 3. Bd3 e6 4. f4 Bd6 5. Nf3 0-0 6. 0-0 c5 7. c3 c4 8. Bc2 b6 9. Nbd2 Bb7 10. Ne5 Ne4 11. Rf3 Nxd2 12. Bxd2 Qf6 13. Rh3 h6 14. Qg4 Kh8 15. Re1 Bxe5 16. fxe5 Qe7 17. e4 dxe4 18. Bxh6 gxh6 19. Rxh6# 1-0

[Event "Swiss Queens Wed #9"]
[Site "FIDE Online Arena INT"]
[Date "2024.03.27"]
[Round "6"]
[White "Pinto, Niyola"]
[Black "Tripurambika, V."]
[Result "0-1"]
[WhiteElo "1409"]
[BlackElo "1626"]
[PlyCount "82"]
[EventDate "2024.03.27"]
[EventType "swiss (blitz)"]
[EventRounds "11"]
[EventCountry "NET"]
[SourceTitle "CB14_2024"]
[SourceDate "2024.04.01"]
[SourceVersion "1"]
[SourceVersionDate "2024.04.01"]
[SourceQuality "1"]

1. d4 d5 2. e3 e6 3. Bd3 Nf6 4. f4 Bd6 5. Nf3 c5 6. c3 Nc6 7. 0-0 0-0 8. Nbd2 Re8 9. Ne5 Qb6 10. Kh1 a6 11. Rf3 c4 12. Bc2 Qc7 13. Rh3 h6 14. e4 dxe4 15. Nxe4 Nxe4 16. Bxe4 Rd8 17. Qf3 Nxe5 18. fxe5 Bf8 19. Qh5 Bd7 20. Bg5 Re8 21. Be3 Bc6 22. Bxc6 Qxc6 23. Rf3 Re7 24. Raf1 Qc7 25. Rg3 Kh7 26. Rgf3 g6 27. Qg4 Bg7 28. Qe4 Rf8 29. d5 exd5 30. Qxd5 Rxe5 31. Qd4 Rh5 32. Bf4 Qc6 33. Qe3 Re8 34. Qd2 Rd5 35. Qf2 f5 36. Re3 Rdd8 37. Rxe8 Rxe8 38. Re1 Re4 39. Rxe4 Qxe4 40. h3 Qb1+ 41. Kh2 b5 0-1

[Event "Swiss Queens Wed #8"]
[Site "FIDE Online Arena INT"]
[Date "2024.03.20"]
[Round "3"]
[White "Pinto, Niyola"]
[Black "Milner, Romi"]
[Result "0-1"]
[WhiteElo "1409"]
[BlackElo "1830"]
[PlyCount "92"]
[EventDate "2024.03.20"]
[EventType "swiss (blitz)"]
[EventRounds "11"]
[EventCountry "NET"]
[SourceTitle "CB13_2024"]
[SourceDate "2024.03.27"]
[SourceVersion "1"]
[SourceVersionDate "2024.03.27"]
[SourceQuality "1"]

1. d4 d5 2. e3 Nf6 3. Bd3 e6 4. f4 Bd6 5. Nf3 b6 6. 0-0 Bb7 7. Ne5 0-0 8. Nd2 Nbd7 9. Rf3 c5 10. c3 cxd4 11. exd4 Ne4 12. Qe2 Ndf6 13. Rh3 Qe7 14. Nxe4 Nxe4 15. Bxe4 dxe4 16. Qh5 h6 17. f5 Bxe5 18. dxe5 Qc5+ 19. Be3 Qxe5 20. Bxh6 Qxf5 21. Qxf5 exf5 22. Be3 Rad8 23. Rg3 Rd3 24. Re1 Rc8 25. Kf2 Rcd8 26. Kf1 Kf8 27. Kf2 f6 28. Kf1 g5 29. Kf2 f4 30. Bxf4 gxf4 31. Rxd3 Rxd3 32. Rd1 Rxd1 33. Ke2 Rb1 34. Kd2 Rxb2+ 35. Ke1 Rxa2 36. Kd1 Rxg2 37. Ke1 Rxh2 38. Kd1 f3 39. Ke1 f2+ 40. Kf1 e3 41. Ke2 Rh1 42. Kxe3 f1Q 43. Kd2 Qf2+ 44. Kd3 Rh3+ 45. Kc4 Qc5+ 46. Kb3 Rxc3+ 0-1

[Event "Swiss Queens Wed #5"]
[Site "FIDE Online Arena INT"]
[Date "2024.02.28"]
[Round "6"]
[White "Pinto, Niyola"]
[Black "Devanshi, Rathi"]
[Result "0-1"]
[WhiteElo "1015"]
[BlackElo "1559"]
[PlyCount "50"]
[EventDate "2024.02.28"]
[EventType "swiss (blitz)"]
[EventRounds "11"]
[EventCountry "NET"]
[SourceTitle "CB10_2024"]
[SourceDate "2024.03.06"]
[SourceVersion "1"]
[SourceVersionDate "2024.03.06"]
[SourceQuality "1"]

1. d4 d5 2. e3 Nf6 3. Bd3 g6 4. f4 Bg7 5. Nf3 b6 6. 0-0 Ba6 7. Bxa6 Nxa6 8. c4 0-0 9. Nbd2 c5 10. Ne5 dxc4 11. dxc5 Nxc5 12. Ndxc4 Nfe4 13. Nc6 Qc7 14. N6e5 Rad8 15. Qe2 Bxe5 16. Nxe5 f6 17. Ng4 h5 18. Nf2 Nxf2 19. Qxf2 Ne4 20. Qf3 f5 21. Rd1 Rxd1+ 22. Qxd1 Rd8 23. Qe2 Qd6 24. b3 Qd1+ 25. Qxd1 Rxd1# 0-1

[Event "Swiss Queens Wed #4"]
[Site "FIDE Online Arena INT"]
[Date "2024.02.21"]
[Round "10"]
[White "Ocampo Candela, Patsy Andrea"]
[Black "Pinto, Niyola"]
[Result "0-1"]
[WhiteElo "1207"]
[BlackElo "1015"]
[PlyCount "100"]
[EventDate "2024.02.21"]
[EventType "swiss (blitz)"]
[EventRounds "11"]
[EventCountry "NET"]
[SourceTitle "CB09_2024"]
[SourceDate "2024.02.28"]
[SourceVersion "1"]
[SourceVersionDate "2024.02.28"]
[SourceQuality "1"]

1. e4 c5 2. Nf3 Nc6 3. Bb5 d6 4. Bxc6+ bxc6 5. d4 cxd4 6. Nxd4 c5 7. Nf3 Nf6 8. Nc3 e6 9. Be3 d5 10. exd5 exd5 11. Bg5 d4 12. Bxf6 Qxf6 13. Ne2 Bg4 14. Ng3 Bxf3 15. Qxf3 Qxf3 16. gxf3 Bd6 17. 0-0 0-0 18. Ne4 Rad8 19. Kh1 c4 20. Rg1 f5 21. Nd2 Rc8 22. Rge1 Bf4 23. Nf1 d3 24. cxd3 cxd3 25. Red1 Rfd8 26. Ne3 Bxe3 27. fxe3 d2 28. Kg1 Rc2 29. b3 Rdc8 30. Kf2 Rc1 31. Rxd2 Rxa1 32. Re2 Rcc1 33. f4 Rf1+ 34. Kg3 Rg1+ 35. Kh4 Raf1 36. Rd2 Kf8 37. Rd8+ Ke7 38. Ra8 Rf2 39. Rxa7+ Kf8 40. Ra8+ Kf7 41. Ra7+ Ke6 42. Ra6+ Kd5 43. Ra5+ Ke4 44. Ra4+ Kf3 45. Kh3 Rgg2 46. Kh4 Rxh2+ 47. Kg5 Rfg2+ 48. Kxf5 g6+ 49. Ke5 Rxa2 50. Rb4 Rhb2 0-1